| 000 | 00658nam a22002057a 4500 | ||
|---|---|---|---|
| 999 |
_c3988 _d3988 |
||
| 003 | AR-CdUCM | ||
| 008 | 190307b ||||| |||| 00| 0 esp d | ||
| 020 | _aISBN | ||
| 040 |
_aMUNICIPALIDAD PROVINCIAL DEL CUSCO _cBIBLIOTECA MUNICIPAL DEL CUSCO |
||
| 082 |
_a869.0382 / _bM42 |
||
| 100 |
_aMenton, Seymour _912740 |
||
| 245 |
_aEl cuento hispanoamericano / _cSeymour Menton |
||
| 260 |
_aMexico ; _bFondo de Cultura Económica, _c1964. |
||
| 300 |
_a331 paginas ; _c17 cm. |
||
| 500 | _aDonación de la familia Luis Nieto. | ||
| 650 |
_aCuentos latinoamericanos _911933 |
||
| 650 |
_aAutores latinoamericanos _9604 |
||
| 942 |
_2ddc _cLIBROS |
||
| 945 | _aacrt | ||